000 00367nam a2200145Ia 4500
008 221030s9999 xx 000 0 und d
020 _a0070667266
041 _aEnglish
100 _aG. A. V. Pai
245 0 _aData Structures & Algorithms
_cby G. A. V. Pai
260 _bMcGraw - Hill Pub.
_aNew Delhi
_c2014
300 _a461
650 _aComputers
942 _cBK
999 _c15684
_d15684